[Event "23rd ETCC Open 2021"]
[Site "Catez"]
[Date "2021.11.21"]
[Round "9.38"]
[White "Brkic, Ante"]
[Black "Lupulescu, Constantin"]
[Result "1-0"]
[WhiteElo "2599"]
[BlackElo "2624"]
[Annotator "TA"]
[PlyCount "143"]
[EventDate "2021.11.08"]
[EventType "team-tourn"]
[EventCountry "SLO"]
[SourceTitle "playchess.com"]
[Source "ChessBase"]
[SourceQuality "1"]
[WhiteTeam "Croatia"]
[BlackTeam "Romania"]
[WhiteTeamCountry "CRO"]
[BlackTeamCountry "ROU"]

{[%evp 10,143,57,64,60,33,30,27,36,29,27,27,27,27,27,27,27,30,29,30,33,37,38,
41,32,27,34,34,34,35,38,41,43,10,6,7,45,0,0,0,0,0,0,0,6,3,60,60,70,61,59,63,67,
59,88,88,97,81,97,70,92,84,79,0,91,0,68,68,74,75,102,48,162,170,199,170,180,
190,205,220,227,227,227,227,227,64,64,62,154,152,263,252,259,221,170,8,8,8,8,8,
2486,1136,2486,2295,458,8,1795,1366,12814,12637,12788,12713,12651,12350,10763,
6164,3600,0,2957,531,531,0,0,0,0,0,0,0,0,0,29973,29974,29974,29974,29973,29972]
} 1. e4 e6 2. d4 d5 3. Nc3 Nf6 4. Bg5 h6 5. Bxf6 Qxf6 6. exd5 Bb4 {C12: French:
Classical System: McCutcheon Variation.} 7. Bc4 $5 {[%mdl 4] A promising side
line.} exd5 8. Bxd5 O-O {White has an edge.} 9. Nge2 Rd8 10. O-O Bxc3 11. Nxc3
Nc6 12. Bxc6 bxc6 {[#]} 13. Re1 $146 ({Predecessor:} 13. Ne4 Qxd4 14. c3 Qxd1
15. Rfxd1 Bf5 16. Nc5 Rd5 17. Rxd5 cxd5 18. f3 Kf8 19. Rd1 {1-0 (37) Aronian,L
(2767)-Abdusattorov,N (2690) Riga 2021}) 13... Rxd4 {[#]} 14. Ne4 $1 Qe5 15.
Qf3 ({But not} 15. Nd2 $2 Qd6 $19) 15... Be6 16. c3 Rdd8 17. b3 a5 18. c4 a4
19. Nc3 Qa5 20. Nxa4 Bxc4 $1 21. Qc3 (21. Qe3 {is more complex.} Qf5 22. Qe4
Qxe4 23. Rxe4 Bb5 24. Nc3) 21... Qxc3 22. Nxc3 Rd3 23. Rac1 (23. Na4 {feels
hotter.} Bb5 24. Nc5 Rc3 25. Ne4 Rc2 26. a4) 23... Be6 24. Red1 (24. Rc2 {
keeps more tension.} c5 25. f3 c4 26. b4 Ra3 27. Nb5) 24... Rxd1+ 25. Rxd1 $11
{[%mdl 4096] Endgame KRB-KRN} c5 26. Rc1 Ra3 27. Kf1 c4 (27... g5 $11) 28. b4
$14 Kf8 29. Ke2 Ke7 30. Kd2 Ra8 31. Kc2 Bf5+ 32. Kb2 Rb8 33. a3 Kd6 34. Re1 g5
35. Na4 Ra8 36. Nc3 (36. Rd1+ {seems wilder.} Ke5 37. Nc3 c6 38. a4 Rb8 39. Ka3
) 36... Rb8 37. Na4 Ra8 38. Rd1+ $1 Kc6 39. Nc3 Re8 40. Rd4 (40. Rd5 $16 Bg6
41. a4) 40... Bd3 (40... Re1 $1 $14) 41. a4 $18 Re1 42. b5+ Kb6 43. Rd7 f5 44.
Ka3 Ka5 45. Rxc7 Ra1+ 46. Kb2 Rf1 47. Nd5 (47. f3 $18) 47... Kxa4 $14 48. b6
Rb1+ {[#]} (48... Be4 $1 $14 49. Ne3 (49. Rxc4+ Ka5 $11) 49... Rb1+ 50. Kc3
Rxb6) 49. Kc3 $1 $16 Be4 (49... Ka5 $16) 50. Kxc4 $18 {[%cal Rc7a7]} Bxd5+ 51.
Kxd5 Rxb6 {KR-KR} 52. Rc6 $2 (52. g3 $18) 52... Rb2 $1 $11 53. Rxh6 Rxf2 54. g3
{Black should prevent h4.} g4 $2 {[%mdl 8192]} (54... f4 $11) 55. Ke5 $18 Kb5
56. Rf6 Kc5 57. Ke6 $2 ({Only move:} 57. Rxf5 $18 Rxh2 58. Rf4) 57... Kd4 $2 {
[%mdl 8192]} (57... Rxh2 $11 58. Kxf5 Rf2+ 59. Kg5 Rf3) 58. Rxf5 Rxh2 59. Rf4+
Ke3 {[#]} 60. Kf5 $1 Rh8 61. Kxg4 Ke2 62. Rf7 Ke3 63. Rf4 Ke2 $1 64. Rf6 (64.
Rf5 $142 Ke3 65. Kg5) 64... Ke3 65. Kf5 $2 ({White should try} 65. Rf5 $18 Ke4
66. Rh5) 65... Kf3 $11 66. g4 {Hoping for g5.} Ra8 67. g5 {aiming for g6.} Ra5+
68. Ke6+ Kg4 $1 69. g6 {Strongly threatening g7.} Ra6+ $2 {[%mdl 8192]} (69...
Ra7 $11) 70. Kf7 {White mates.} Ra7+ 71. Kg8 Kg5 72. Rb6 {Weighted Error Value:
White=0.32/Black=0.13} 1-0

[Event "23rd ETCC Open 2021"]
[Site "Catez"]
[Date "2021.11.21"]
[Round "9.39"]
[White "Parligras, Mircea-Emilian"]
[Black "Stevic, Hrvoje"]
[Result "0-1"]
[WhiteElo "2576"]
[BlackElo "2581"]
[Annotator "ChessBase"]
[PlyCount "52"]
[EventDate "2021.11.08"]
[EventType "team-tourn"]
[EventCountry "SLO"]
[SourceTitle "playchess.com"]
[Source "ChessBase"]
[SourceQuality "1"]
[WhiteTeam "Romania"]
[BlackTeam "Croatia"]
[WhiteTeamCountry "ROU"]
[BlackTeamCountry "CRO"]
[TimeControl "40/5400+30:1800+30"]

1. d4 d5 2. Nf3 Nf6 3. c4 dxc4 4. e3 e6 5. Bxc4 c5 6. O-O a6 7. Nbd2 cxd4 8.
Nxd4 Bd7 9. b3 Nc6 10. N4f3 Be7 11. Bb2 O-O 12. Rc1 Rc8 13. a3 b5 14. Bd3 Qb6
15. Ne4 Nxe4 16. Bxe4 Rfd8 17. Bb1 f6 18. Ng5 fxg5 19. Qh5 e5 20. Bxh7+ Kf8 21.
h4 gxh4 22. f4 Bf6 23. fxe5 Qxe3+ 24. Kh1 Nxe5 25. Rce1 Qxe1 26. Rxe1 Bg4 0-1

[Event "23rd ETCC Open 2021"]
[Site "Catez"]
[Date "2021.11.21"]
[Round "9.40"]
[White "Martinovic, Sasa"]
[Black "Gavrilescu, David"]
[Result "1-0"]
[WhiteElo "2542"]
[BlackElo "2514"]
[Annotator "ChessBase"]
[PlyCount "45"]
[EventDate "2021.11.08"]
[EventType "team-tourn"]
[EventCountry "SLO"]
[SourceTitle "playchess.com"]
[Source "ChessBase"]
[SourceQuality "1"]
[WhiteTeam "Croatia"]
[BlackTeam "Romania"]
[WhiteTeamCountry "CRO"]
[BlackTeamCountry "ROU"]
[TimeControl "40/5400+30:1800+30"]

1. d4 d5 2. c4 e6 3. Nf3 Nf6 4. Nc3 Bb4 5. Bg5 dxc4 6. e4 h6 7. Bxf6 Qxf6 8.
Bxc4 c5 9. O-O cxd4 10. e5 Qd8 11. Ne4 O-O 12. Qc1 Qc7 13. Rd1 Be7 14. Rxd4 Rd8
15. Nf6+ Bxf6 16. exf6 Rxd4 17. Nxd4 gxf6 18. Qxh6 Qe5 19. Rd1 Qg5 20. Nxe6
fxe6 21. Rd8+ Kf7 22. Qh7+ Qg7 23. Qxg7+ 1-0

[Event "23rd ETCC Open 2021"]
[Site "Catez"]
[Date "2021.11.21"]
[Round "9.41"]
[White "Ragger, Markus"]
[Black "Andersen, Mads"]
[Result "1/2-1/2"]
[WhiteElo "2668"]
[BlackElo "2575"]
[Annotator "TA"]
[PlyCount "117"]
[EventDate "2021.11.08"]
[EventType "team-tourn"]
[EventCountry "SLO"]
[SourceTitle "playchess.com"]
[Source "ChessBase"]
[SourceQuality "1"]
[WhiteTeam "Austria"]
[BlackTeam "Denmark"]
[WhiteTeamCountry "AUT"]
[BlackTeamCountry "DEN"]

{[%evp 17,117,34,53,14,6,6,22,12,12,8,10,0,13,14,20,19,2,0,0,-27,27,21,45,62,
86,88,54,0,0,0,0,0,0,0,0,0,0,0,0,0,0,0,0,0,0,0,40,0,6,0,0,0,0,0,0,0,0,0,35,35,
33,57,72,36,31,54,34,29,37,26,31,0,33,0,0,0,0,-4,-4,-18,-17,-121,-127,-174,
-158,-216,-200,-182,-110,-100,-70,-127,-137,-141,-39,-92,-50,-49,0,-54,0,-70]} 
1. e4 e5 2. Nf3 Nc6 3. Bb5 a6 4. Ba4 Nf6 5. O-O b5 6. Bb3 Bc5 7. c3 d6 8. a4
Rb8 9. d4 Bb6 10. a5 {C78: Ruy Lopez: Archangelsk and Möller Defences.} Ba7 (
10... Bxa5 $2 11. dxe5 dxe5 12. Qxd8+ Kxd8 13. Bd5 $18 (13. Bxf7 Bb6 $16)) 11.
h3 Bb7 12. Be3 {Strongly threatening d5.} Nxe4 13. Re1 exd4 14. cxd4 Ne7 15.
Nc3 $36 {[%mdl 2048] Black must now prevent Ng5. Black is under pressure.} d5
$1 16. Nxe4 dxe4 17. Ng5 Bd5 18. Nxe4 O-O {[#]} ({Black should try} 18... Bxe4
19. Qg4 Bd5) 19. Bg5 $146 {aiming for Bxd5.} ({Predecessor:} 19. Bf4 Rc8 20.
Bc2 Qd7 21. Nf6+ gxf6 22. Rxe7 Qxe7 23. Qg4+ Kh8 24. Qf5 {1-0 (24) Chen,Q 
(2479)-Arjun,K (2532) Tornelo INT 2021}) 19... f6 20. Bf4 Rf7 21. Rc1 Rc8 22.
Bd6 cxd6 {[%mdl 64] [#] Discovered Attack} 23. Rxc8 Qxc8 24. Bxd5 Nxd5 25. Nxd6
Qd7 26. Nxf7 Kxf7 27. Qh5+ Kf8 28. Qxh7 Ne7 29. Qh8+ Kf7 30. Qh5+ $1 Kf8 31.
Qf3 Kf7 32. d5 Bc5 33. Rc1 Bd6 34. Qh5+ Kg8 35. Qf3 Be5 36. Rd1 Qd6 ({Not} 
36... Bxb2 $2 37. d6 $18) 37. b3 g5 38. g3 Kg7 39. Qg4 Kh6 ({Don't blunder} 
39... Nxd5 $2 40. Qe4 $18) 40. h4 gxh4 $1 41. Qxh4+ Kg7 42. Qg4+ Kf7 43. Qh5+
Kg7 44. Qg4+ Kf7 45. Qe4 Bc3 46. Rd3 Bxa5 47. Qh7+ Ke8 48. Rf3 Bb6 49. Qg7 (49.
Qh8+ $11 Kd7 50. Qxf6 Qxf6 51. Rxf6 Nxd5 52. Rf7+ Ke6 53. Rf8) 49... Bd4 $17
50. Qh8+ Kd7 51. Qa8 (51. Qh3+ $17 f5 52. g4) 51... Nxd5 $19 ({And not} 51...
Qxd5 52. Qxd5+ Nxd5 53. Rd3 $16) 52. Qb7+ Kd8 (52... Nc7 $19 53. Rf4 Qc5) 53.
Kh2 $17 Nc7 54. Rf4 {[#]} (54. Rd3 $15) 54... Be5 $1 {[%cal Re5f4]} 55. Rh4 Qe7
({Better is} 55... Qc5 $17 56. Rh8+ Kd7) 56. Qe4 (56. Qc6 $15) 56... Qe8 57.
Qb7 {Threatens to win with Rh7.} Qe7 58. Qe4 Qe8 (58... f5 $5 59. Qd3+ Qd7 $15)
59. Qb7 {Weighted Error Value: White=0.14/Black=0.13} 1/2-1/2

[Event "23rd ETCC Open 2021"]
[Site "Catez"]
[Date "2021.11.21"]
[Round "9.42"]
[White "Bjerre, Jonas Buhl"]
[Black "Dragnev, Valentin"]
[Result "1-0"]
[WhiteElo "2569"]
[BlackElo "2548"]
[Annotator "ChessBase"]
[PlyCount "67"]
[EventDate "2021.11.08"]
[EventType "team-tourn"]
[EventCountry "SLO"]
[SourceTitle "playchess.com"]
[Source "ChessBase"]
[SourceQuality "1"]
[WhiteTeam "Denmark"]
[BlackTeam "Austria"]
[WhiteTeamCountry "DEN"]
[BlackTeamCountry "AUT"]
[TimeControl "40/5400+30:1800+30"]

1. e4 c5 2. Nf3 d6 3. Bb5+ Nd7 4. d4 cxd4 5. Nxd4 Ngf6 6. Bd3 Nc5 7. Nc3 a6 8.
Nb3 Nxd3+ 9. Qxd3 e6 10. Bf4 b5 11. a3 Bb7 12. O-O-O Be7 13. Bxd6 Bxd6 14. Qxd6
Qxd6 15. Rxd6 Nxe4 16. Nxe4 Bxe4 17. Nc5 Bxg2 18. Rg1 Bf3 19. Rxg7 Rc8 20. Rg3
Bd5 21. Nxa6 h5 22. Rb6 h4 23. Rg4 Bb3 24. Nb4 Bc4 25. Kd2 h3 26. b3 Bf1 27.
Rg1 Bg2 28. Rxb5 Ke7 29. Nd3 Rhg8 30. Rh5 Rg4 31. f4 Bf3 32. Rxg4 Bxg4 33. Rc5
Ra8 34. Ne5 1-0

[Event "23rd ETCC Open 2021"]
[Site "Catez"]
[Date "2021.11.21"]
[Round "9.43"]
[White "Blohberger, Felix"]
[Black "Rasmussen, Allan Stig"]
[Result "1/2-1/2"]
[WhiteElo "2490"]
[BlackElo "2577"]
[Annotator "ChessBase"]
[PlyCount "51"]
[EventDate "2021.11.08"]
[EventType "team-tourn"]
[EventCountry "SLO"]
[SourceTitle "playchess.com"]
[Source "ChessBase"]
[SourceQuality "1"]
[WhiteTeam "Austria"]
[BlackTeam "Denmark"]
[WhiteTeamCountry "AUT"]
[BlackTeamCountry "DEN"]
[TimeControl "40/5400+30:1800+30"]

1. e4 c6 2. Nf3 d5 3. Nc3 dxe4 4. Nxe4 Nf6 5. Qe2 Bg4 6. h3 Bh5 7. Nxf6+ gxf6
8. d3 Na6 9. Bd2 Qb6 10. O-O-O O-O-O 11. g4 Bg6 12. Qe3 Nc7 13. Qxb6 axb6 14.
Nh4 e6 15. f4 f5 16. gxf5 exf5 17. Be2 Ne6 18. Rde1 Bd6 19. Ng2 Rhg8 20. Bd1 h6
21. Ref1 Bh7 22. Nh4 Rg3 23. Be1 Rgg8 24. Bd2 Rg3 25. Be1 Rgg8 26. Bd2 1/2-1/2

[Event "23rd ETCC Open 2021"]
[Site "Catez"]
[Date "2021.11.21"]
[Round "9.44"]
[White "Hansen, Sune Berg"]
[Black "Horvath, Dominik"]
[Result "0-1"]
[WhiteElo "2543"]
[BlackElo "2469"]
[Annotator "ChessBase"]
[PlyCount "104"]
[EventDate "2021.11.08"]
[EventType "team-tourn"]
[EventCountry "SLO"]
[SourceTitle "playchess.com"]
[Source "ChessBase"]
[SourceQuality "1"]
[WhiteTeam "Denmark"]
[BlackTeam "Austria"]
[WhiteTeamCountry "DEN"]
[BlackTeamCountry "AUT"]
[TimeControl "40/5400+30:1800+30"]

1. d4 Nf6 2. Nf3 d5 3. Bf4 c5 4. e3 Nc6 5. Be2 cxd4 6. exd4 Bf5 7. c3 e6 8. Qb3
Bd6 9. Qxb7 Bxf4 10. Qxc6+ Kf8 11. O-O h5 12. c4 g5 13. Nc3 Rc8 14. Qa6 dxc4
15. Rad1 g4 16. Ne5 h4 17. Bxc4 g3 18. Qb7 Qc7 19. Qxc7 Rxc7 20. Bd3 gxf2+ 21.
Kxf2 Bxe5 22. Bxf5 Bxh2 23. Bd3 Kg7 24. Be2 Rb8 25. Rb1 Rcb7 26. b3 Rd8 27.
Rbd1 Rc7 28. Bc4 Rcd7 29. Ne2 Be5 30. Kf3 Bxd4 31. Rh1 e5 32. Rxh4 e4+ 33. Kf4
Be3+ 34. Kxe3 Rxd1 35. Ng3 Kg6 36. Rf4 Nd5+ 37. Bxd5 R8xd5 38. Nxe4 f5 39. Nf2
Re1+ 40. Kf3 Rd2 41. Nh3 Rf1+ 42. Ke3 Rdd1 43. Ra4 Rde1+ 44. Kd2 Re7 45. Nf4+
Kg5 46. Nh3+ Kf6 47. Ra6+ Ke5 48. Ke2 Rc1 49. Ra4 Rc2+ 50. Kf3 Rec7 51. Kg3
Rg7+ 52. Kf3 Rcxg2 0-1

[Event "23rd ETCC Open 2021"]
[Site "Catez"]
[Date "2021.11.21"]
[Round "9.45"]
[White "Lenic, Luka"]
[Black "Moroni, Luca Jr"]
[Result "1/2-1/2"]
[WhiteElo "2633"]
[BlackElo "2580"]
[Annotator "TA"]
[PlyCount "60"]
[EventDate "2021.11.08"]
[EventType "team-tourn"]
[EventCountry "SLO"]
[SourceTitle "playchess.com"]
[Source "ChessBase"]
[SourceQuality "1"]
[WhiteTeam "Slovenia"]
[BlackTeam "Italy"]
[WhiteTeamCountry "SLO"]
[BlackTeamCountry "ITA"]

{[%evp 11,60,15,15,13,20,25,17,16,17,26,32,20,29,27,26,33,30,33,35,31,30,23,29,
24,25,27,36,18,24,20,18,18,18,7,7,7,7,7,7,6,6,0,7,0,31,31,32,10,32,32,32]} 1.
d4 d5 2. c4 e6 3. Nf3 Nf6 4. Nc3 Be7 5. Bf4 O-O 6. e3 Nbd7 7. a3 {D37: Queen's
Gambit Declined: 5 Bf4.} c5 8. cxd5 Nxd5 9. Nxd5 {The position is equal.} exd5
10. dxc5 Nxc5 11. Be5 Bf6 {11...Bf5 is the modern continuation.} 12. Bxf6 Qxf6
13. Qd4 Qxd4 14. Nxd4 Bd7 15. f3 Rfc8 16. Kd2 Ne6 17. Bd3 Nxd4 18. exd4 {[#]}
g6 $146 ({Predecessor:} 18... Kf8 19. Rhe1 h6 20. Rac1 Rxc1 21. Rxc1 Rc8 {
1/2-1/2 (21) Radjabov,T (2724)-Harikrishna,P (2737) Geneva 2017}) 19. Rac1 Be6
20. Rc5 b6 21. Rxc8+ Rxc8 22. Rc1 Rxc1 23. Kxc1 $11 {[%mdl 4096] Endgame KB-KB}
Kf8 24. Kd2 Ke7 25. Ke3 h6 26. h4 Bd7 27. Be2 f5 28. f4 h5 29. b4 b5 30. g3 a6
{Weighted Error Value: White=0.03/Black=0.04} 1/2-1/2

[Event "23rd ETCC Open 2021"]
[Site "Catez"]
[Date "2021.11.21"]
[Round "9.46"]
[White "Valsecchi, Alessio"]
[Black "Borisek, Jure"]
[Result "1-0"]
[WhiteElo "2527"]
[BlackElo "2595"]
[Annotator "ChessBase"]
[PlyCount "53"]
[EventDate "2021.11.08"]
[EventType "team-tourn"]
[EventCountry "SLO"]
[SourceTitle "playchess.com"]
[Source "ChessBase"]
[SourceQuality "1"]
[WhiteTeam "Italy"]
[BlackTeam "Slovenia"]
[WhiteTeamCountry "ITA"]
[BlackTeamCountry "SLO"]
[TimeControl "40/5400+30:1800+30"]

1. e4 e5 2. Nf3 Nc6 3. Bb5 Nf6 4. d3 Bc5 5. c3 O-O 6. O-O d6 7. h3 a6 8. Ba4
Ba7 9. Re1 Ne7 10. Nbd2 Ng6 11. Nf1 d5 12. Ng3 c6 13. exd5 Nxd5 14. d4 exd4 15.
Nxd4 Be6 16. Bc2 Qc7 17. Ne4 Rae8 18. Nxe6 fxe6 19. c4 Bb8 20. g3 Nh4 21. cxd5
Nf3+ 22. Kh1 cxd5 23. Ng5 Nxg5 24. Bxg5 Rxf2 25. Bxh7+ Kh8 26. Bf4 Rxf4 27. Qh5
1-0

[Event "23rd ETCC Open 2021"]
[Site "Catez"]
[Date "2021.11.21"]
[Round "9.47"]
[White "Skoberne, Jure"]
[Black "Sonis, Francesco"]
[Result "0-1"]
[WhiteElo "2562"]
[BlackElo "2536"]
[Annotator "ChessBase"]
[PlyCount "48"]
[EventDate "2021.11.08"]
[EventType "team-tourn"]
[EventCountry "SLO"]
[SourceTitle "playchess.com"]
[Source "ChessBase"]
[SourceQuality "1"]
[WhiteTeam "Slovenia"]
[BlackTeam "Italy"]
[WhiteTeamCountry "SLO"]
[BlackTeamCountry "ITA"]
[TimeControl "40/5400+30:1800+30"]

1. d4 Nf6 2. Nf3 g6 3. Nc3 d5 4. Bf4 Bg7 5. e3 O-O 6. Nb5 Na6 7. Be2 c6 8. Nc3
Qb6 9. Rb1 c5 10. O-O cxd4 11. exd4 Bf5 12. a3 Rac8 13. h3 Rfd8 14. Ne5 Ne4 15.
f3 Nec5 16. dxc5 Qxc5+ 17. Kh1 Bxe5 18. Bxe5 d4 19. Bxd4 Rxd4 20. Qe1 Nc7 21.
Rf2 Nd5 22. Nxd5 Rxd5 23. Rc1 Qe3 24. Bd3 Rxd3 0-1

[Event "23rd ETCC Open 2021"]
[Site "Catez"]
[Date "2021.11.21"]
[Round "9.48"]
[White "Lodici, Lorenzo"]
[Black "Sebenik, Matej"]
[Result "0-1"]
[WhiteElo "2529"]
[BlackElo "2509"]
[Annotator "TA"]
[PlyCount "128"]
[EventDate "2021.11.08"]
[EventType "team-tourn"]
[EventCountry "SLO"]
[SourceTitle "playchess.com"]
[Source "ChessBase"]
[SourceQuality "1"]
[WhiteTeam "Italy"]
[BlackTeam "Slovenia"]
[WhiteTeamCountry "ITA"]
[BlackTeamCountry "SLO"]

{[%evp 18,128,28,29,17,21,31,0,0,0,0,0,0,0,0,-52,-53,-59,0,0,0,-20,-32,-24,-27,
-24,0,0,0,-83,-49,-60,-84,-77,-78,-87,-73,-211,-121,-124,-111,-168,-174,-219,
-209,-260,-263,-354,-337,-373,-308,-361,-347,-332,-237,-236,-242,-229,-231,
-251,-244,-235,-235,-235,-214,-220,-190,-237,-236,-399,-399,-399,-358,-443,
-443,-440,-325,-444,-433,-829,-505,-505,-505,-875,-814,-918,-906,-899,-899,
-899,-899,-899,-899,-899,-819,-932,-885,-877,-574,-870,-858,-1245,-1245,-29975,
-29976,-29976,-29977,-4622,-4622,-29981,-29982,-29985,-29986]} 1. d4 Nf6 2. c4
g6 3. Nc3 Bg7 4. e4 d6 5. f3 O-O 6. Nge2 c5 7. d5 e6 8. Ng3 exd5 9. cxd5 a6 10.
a4 h5 {A65: Modern Benoni: 6 e4.} 11. Be2 Nh7 {is the legacy move (11...h4).}
12. Bf4 Qe7 {The position is equal.} 13. Qd2 h4 14. Nf1 {[#]} g5 $146 ({
Predecessor:} 14... Nd7 15. Bh6 Ne5 16. Bxg7 Kxg7 17. Ne3 f5 18. f4 Nf7 19.
exf5 Bxf5 20. Nxf5+ gxf5 {1/2-1/2 (57) Coleman,T (2393)-Liang,A (2248)
Mashantucket 2014}) 15. Be3 f5 16. exf5 (16. g3 $11) 16... Bxf5 $15 17. g3 Nd7
(17... h3 $1 $15 18. g4 Bg6) 18. gxh4 $11 gxh4 19. Rg1 {aiming for Bh6.} Kh8
20. Rxg7 Qxg7 21. Bh6 $1 {[%cal Rh6g7]} Qe5 {White must now prevent ...Rf7.}
22. Bxf8 Rxf8 23. O-O-O (23. f4 $11 {keeps the balance.} Qg7 24. O-O-O) 23...
Bg6 $1 $36 {[%mdl 2048] Black fights for an advantage.} 24. Qh6 Qg5+ 25. Qxg5
Nxg5 26. Nd2 Ne5 $1 27. Nc4 (27. Rf1 $17) 27... Nxc4 ({Weaker is} 27... Nexf3
28. Nxd6 b6 29. a5 $14) ({Black should play} 27... Ngxf3 $19 28. Rf1 Nxc4 29.
Bxc4 Kg7) 28. Rg1 Bd3 29. Bxd3 (29. Rxg5 $17 Bxe2 30. Nxe2) 29... Nxf3 $19 30.
Rf1 Ne3 {[%cal Re3f1]} 31. Rf2 {Threatens to win with Be2.} Ng4 {[%mdl 64]
Double Attack} 32. Rg2 Nfxh2 (32... Ngxh2 $2 33. Ne4 $19) 33. Be2 {[#]} Rf2 $1
34. Rxg4 (34. Rxf2 Nxf2) 34... Nxg4 35. Bxg4 Rh2 36. Ne4 {[#]} h3 $1 37. Nxd6 {
[#]} Rh1+ $1 38. Kd2 h2 {Strongly threatening ...Rf1.} 39. Bf3 Rf1 {[%mdl 1024]
Black has strong compensation.} 40. Be4 Rf4 {...Rxe4! is the strong threat.}
41. Bh1 b6 42. a5 bxa5 43. Ne4 $2 (43. Nb7) 43... Rf1 44. Bg2 {[#] intending
d6.} Kg7 $1 {[%mdl 512]} 45. Kc3 (45. b3 Rb1) 45... Rg1 46. Bf3 Kf7 47. Kc4
Rc1+ 48. Nc3 (48. Kd3 $142) 48... a4 49. Kd3 Ke7 50. Ne4 (50. Nxa4 $142 Kd6 51.
Nc3) 50... c4+ 51. Kd4 Rb1 52. d6+ Kd8 53. Nc3 Rxb2 54. Nxa4 Rd2+ 55. Kxc4 Rxd6
56. Kc5 Rd3 57. Be4 Re3 58. Bg2 Kc7 59. Nb6 Rc3+ 60. Kb4 Rg3 61. Na8+ Kb8 62.
Bc6 Rg1 63. Ka5 Ka7 64. Nb6 Rg5+ {Weighted Error Value: White=0.80/Black=0.19}
0-1

[Event "23rd ETCC Open 2021"]
[Site "Catez"]
[Date "2021.11.21"]
[Round "9.49"]
[White "Druska, Juraj"]
[Black "Pelletier, Yannick"]
[Result "0-1"]
[WhiteElo "2508"]
[BlackElo "2564"]
[Annotator "ChessBase"]
[PlyCount "80"]
[EventDate "2021.11.08"]
[EventType "team-tourn"]
[EventCountry "SLO"]
[SourceTitle "playchess.com"]
[Source "ChessBase"]
[SourceQuality "1"]
[WhiteTeam "Slovakia"]
[BlackTeam "Switzerland"]
[WhiteTeamCountry "SVK"]
[BlackTeamCountry "SUI"]
[TimeControl "40/5400+30:1800+30"]

1. e4 c6 2. d4 d5 3. f3 e6 4. Nc3 Nf6 5. e5 Nfd7 6. f4 c5 7. Nf3 Nc6 8. Be3 a6
9. Be2 b5 10. a3 Be7 11. Qd2 O-O 12. O-O Bb7 13. Nd1 cxd4 14. Nxd4 Qc7 15. Nf2
Nc5 16. Rac1 Rfd8 17. Rfd1 Ne4 18. Nxe4 dxe4 19. Qc3 Rdc8 20. Nxc6 Bxc6 21. Qd4
Bd5 22. c3 Rab8 23. Qa7 Rb7 24. Qd4 Rd8 25. Bf2 Bb3 26. Qxe4 Bxd1 27. Rxd1
Rxd1+ 28. Bxd1 Bc5 29. Bf3 Rb8 30. h4 Rd8 31. h5 g6 32. Kf1 Bxf2 33. Kxf2 Kg7
34. Kg3 Rd2 35. Qb4 Qd8 36. b3 g5 37. Qe4 gxf4+ 38. Qxf4 h6 39. Bb7 Rd3+ 40.
Kh2 Rxc3 0-1

[Event "23rd ETCC Open 2021"]
[Site "Catez"]
[Date "2021.11.21"]
[Round "9.50"]
[White "Georgiadis, Nico"]
[Black "Petenyi, Tamas"]
[Result "1-0"]
[WhiteElo "2553"]
[BlackElo "2458"]
[Annotator "TA"]
[PlyCount "117"]
[EventDate "2021.11.08"]
[EventType "team-tourn"]
[EventCountry "SLO"]
[SourceTitle "playchess.com"]
[Source "ChessBase"]
[SourceQuality "1"]
[WhiteTeam "Switzerland"]
[BlackTeam "Slovakia"]
[WhiteTeamCountry "SUI"]
[BlackTeamCountry "SVK"]

{[%evp 11,117,35,45,29,31,27,49,56,64,32,35,18,15,0,40,35,37,22,109,41,133,131,
114,112,105,107,106,103,107,75,143,159,125,147,130,147,142,134,142,129,204,172,
197,203,210,198,231,216,206,191,191,189,172,187,181,177,175,135,150,123,149,
101,137,135,167,182,190,196,542,508,507,254,476,444,705,684,833,806,759,733,
711,599,592,273,592,842,3003,3481,29953,29950,29952,29952,11301,5612,29953,
29954,29956,29957,29965,29969,29977,29978,29984,29985,29990,29991,29992,29993]
} 1. e4 e5 2. Nf3 Nc6 3. Bb5 Nge7 4. Nc3 Ng6 5. d4 exd4 6. Nxd4 Bc5 {6...Nxd4
injects fresh life into this line.} 7. Nf5 {C60: Ruy Lopez: Unusual Black 3rd
moves and 3...g6.} O-O 8. Be3 Bxe3 9. Nxe3 {White is slightly better.} d6 10.
Qd2 a6 {[#]} 11. Bxc6 $5 $146 {[%mdl 8] An interesting novelty.} ({Predecessor:
} 11. Bf1 Nge7 12. O-O-O f5 13. f4 Kh8 14. g3 fxe4 15. Nxe4 Nf5 16. Ng5 Nxe3
17. Qxe3 {0-1 (34) Bronstein,L (2380)-Bernat,M Buenos Aires 1976}) 11... bxc6
12. g3 f5 (12... Ne5 $5 {[%cal Re5f3]} 13. Qe2 Rb8 $11) 13. exf5 Bxf5 14. f4
Rb8 (14... Bh3 $11) 15. O-O-O (15. Nxf5 $16 {Strongly threatening Ne3.} Rxf5
16. O-O-O) 15... Qf6 (15... Bd7 $14) 16. Nxf5 $16 Qxf5 17. Qd4 Qf7 18. Rhe1 Ne7
19. b3 Nf5 20. Qe4 Qh5 ({Black should play} 20... c5) 21. Qxc6 Qxh2 22. Qc4+
Kh8 23. g4 Nh6 24. f5 Qh4 25. Rg1 c5 (25... a5 $16 26. Kb1 (26. Qxc7 Rbc8 $16)
26... Nxf5) 26. Rxd6 $18 Qg5+ 27. Kb2 Nxf5 28. Qxc5 {[%mdl 64] Pin} Qe3 29.
Qxe3 Nxe3 30. Rd3 Nc4+ 31. Kc1 Ne5 32. Re3 Nc6 33. g5 Rf2 34. Rge1 Kg8 35. R1e2
Rxe2 36. Rxe2 $16 {[%mdl 4096] Endgame KRN-KRN} Kf7 37. Nd5 Nb4 38. Nxb4 Rxb4
$18 {KR-KR} 39. c4 h5 $2 (39... Rb6 40. Kc2 Rc6) 40. gxh6 $1 gxh6 41. Kc2 Rb6
$2 (41... Rb8 {was worth a try.} 42. Kd3 h5) 42. c5 Rg6 (42... Rb5 $142 43. Re5
Kf6) 43. b4 {[%cal Bb3b4,Bb4b5][%mdl 32]} h5 44. a4 h4 45. Kd3 h3 46. b5 $1 Rg2
{...Rxe2 is the strong threat.} 47. Re5 (47. bxa6 Rxe2 48. Kxe2 h2 49. Kd2 h1=Q
50. a7 Qd5+ 51. Ke2 Qc4+ 52. Kd2 Qxa4 53. Kc3 Qxa7 54. Kb4 Ke6 55. Kc4 Ke5 56.
c6 Ke4 57. Kb4 Qb6+ 58. Kc4 Qxc6+ 59. Kb3 Kd3 60. Kb4 Qb6+ 61. Ka4 Kc4 62. Ka3
Qb3#) 47... h2 $2 (47... Kg6 {is more resistant.}) 48. Rh5 axb5 49. axb5 Rg5
50. Rh7+ $1 Ke6 51. Kc4 Rg4+ 52. Kb3 (52. Kc3 $142 Rg2 53. Kb4) 52... Kd5 {[#]}
53. Rh5+ $1 {White mates.} Kd4 {[#]} 54. Kb4 $1 Rg2 55. c6 Rb2+ 56. Ka5 Kc4 57.
c7 Rxb5+ 58. Rxb5 Kd4 59. c8=Q {Weighted Error Value: White=0.13/Black=0.62}
1-0